000 00772cam a2200265 4500
999 _c130175
_d130175
001 397687
003 ARRUPE
005 20200122103304.0
008 720908s1972 nyua b 001 0 eng
010 _a 79181638
020 _a0060134135
040 _aDLC
_cDLC
_dDLC
043 _ae-uk---
050 0 0 _aDA533
_b.P74 1972b
082 0 0 _a914.2/03/81
100 1 _aPriestley, J. B.
_q(John Boynton),
_d1894-1984.
_949026
245 1 0 _aVictoria's heyday
_c[by] J. B. Priestley.
260 _aLondon,
_bHeinemann
_c[1972]
300 _a296 p.
_billus.
_c26 cm.
350 _a$15.00
504 _aBibliography: p. 286.
651 0 _aGreat Britain
_xCivilization
_y19th century.
_949030
906 _a7
_bcbc
_corignew
_d2
_encip
_f19
_gy-gencatlg
942 _2lcc
_cMONOGRAPH